00919cam a2200289 a 4500001000700000003000400007005001700011008004100028010001700069020001500086020001800101040001800119050002000137082001700157100002100174245008100195246004400276250001200320260004900332300004500381490003600426500002000462650001500482650001800497700002400515856009000539711975OSt20161204114816.0971224s1998 txua 001 0 eng  a 97069268  a0030062284 a9780030062285 aDLCcDLCdDLC00aQB45b.Z43 199800a520221bZMI1 aZeilik, Michael.10aIntroductory astronomy & astrophysics /cMichael Zeilik, Stephen A. Gregory.3 aIntroductory astronomy and astrophysics a4th ed. aFort Worth :bSaunders College Pub.,cc1998. a1 v. (various pagings) :bill. ;c26 cm.0 aSaunders golden sunburst series aIncludes index. 0aAstronomy. 0aAstrophysics.1 aGregory, Stephen A.413Table of contents onlyuhttp://www.loc.gov/catdir/enhancements/fy1401/97069268-t.html